00726nam a2200241 a 4500001001300000003000900013005001700022008004100039020002400080082001500104100001700119245005400136260003900190300000900229500003500238505001000273650003600283700001700319902000800336942000700344952011800351999001500469nice12345678IN_TiNIC20260116013146.0050524s1997 usaa grp 000 0 eng  a0865548 c138000a227.2bWEL aWelborn, L L aPolitics and Rhetoric in the Corinthian Epistles. aUSAbMercer University Pressc1997 a238p aincludes index and biblioraphy2 aIndex aBible N.T. Epistles Corinthians1 aWelborn, L L bSRS cBK 001040708StackRoom-aHMIbHMId2007-06-20g1380.00l0o227.2 WELp019884r2007-06-20v1380.00w2005-05-24yBK c9905d9905